Less Common French Verbs - Statistics

General Stats
  • This quiz has been taken 17 times
  • The average score is 16 of 33
Answer Stats
Hint Answer % Correct
Espérer hope
100%
Rire laugh
100%
Goûter taste
100%
Pleurer cry
89%
Garder keep
89%
Enseigner teach
89%
Quitter leave
78%
Accueillir welcome
78%
Permettre allow
67%
Sauter jump
67%
Bouger move
67%
Sauver save
67%
Réussir succeed
67%
Échouer fail
56%
Féliciter congratulate
44%
Mener lead
44%
Tirer pull
44%
Raconter tell
44%
Allumer turn on
44%
Appartenir belong
33%
Gérer manage
33%
Jurer swear
33%
Poser put down
22%
Rappeler remember
22%
Tenter tempt
22%
Éteindre turn off
22%
Atteindre acheive
11%
Vaincre defeat
11%
Craindre fear
11%
Accorder admit
0%
Retrouver meet up
0%
Retirer remove
0%
Reprendre resume
0%
No matching quizzes found
Score Distribution
Percent of People with Each Score
Percentile by Number Answered
Your Score History
You have not taken this quiz